Statistics for US States that border Virginia

Click here to take the quiz!

General Stats

  • This quiz has been taken 10 times
  • The average score is 5 of 6

Answer Stats

HintAnswer% Correct
Capital is CharlestonWest Virginia
100%
Capital is AnnapolisMaryland
90%
Capital is RaleighNorth Carolina
90%
Capital is NashvilleTennessee
90%
The Capital of the USA (not a state)Washington D.C
90%
Capital is LexingtonKentucky
70%

Score Distribution

Percentile by Number Answered

Percent of People with Each Score

Your Score History

You have not taken this quiz